000 00731cam a22002653a 4500
001 0000769
003 DO-SdBNP
005 20180130093403.0
007 0000769
008 861112 1981 sp a 000 0 spa d
010 _a
020 _a8430512217
040 _aBPMSU
_cspa
_dBPMSU
_d
100 1 _aHerrera, Juan Ignacio
245 1 0 _aLudwig Van Beethoven /
_cJuan Ignacio Herrera ; ilustraciones J. P. Montero
260 _aMadrid, EspaƱa :
_bSusaeta ediciones,
_c1981.
300 _a95 p.
_bil.
_c20 cm.
490 1 _aVidas ilustres
_v20
600 0 0 _a
_x
700 1 2 _aMontero, J. P.
_eil.
830 0 _aVidas ilustres
_n20
942 _2ddc
_cBK
945 _aInventariado, 2018 /LP
956 _2YLOCKWARD
_310
_8BPMSU
999 _c11753
_d11753